000 00822nam a2200253Ia 4500
003 OSt
005 20221005112423.0
006 a|||||r|||| 00| 0
007 ta
008 221004b |||||||| |||| 00| 0 pan d
020 _cINR 250.00
024 _a68479
037 _b1205, 02/03/2020, H.K. Prakashan
_cTextual
040 _aCRL
_cCRL
_bpan
041 _2pan
_apan
082 _aO153,1x, R0
245 0 _aਦੀਪਕ ਤੋ੍ਵ ਬਾਅਦ
260 _aਚੰਡੀਗੜ
_bਦੀਪਕ ਜੈਤੋਈ ਮੰਚ ਪਬਲੀਕੇFਨ ਭਾਰਤ
_c2020
300 _a139ਪ੍ਰ0
_ccm.
650 _a ਪੰਜਾਬੀ ਕਾਵਿ
650 _aਪੰਜਾਬੀ ਸਾਹਿਤ
942 _hO153,1x, R0
_cTEXL
_2cc
999 _c1024839
_d1024839